Brasões de armas de países europeus - Statistics

Estatísticas Gerais
  • Esse quiz foi jogado 115 vezes
  • A pontuação média é 14 de 16
Estatísticas das Respostas
Imagem Resposta % Correto
Alemanha
99%
Austria
98%
Espanha
98%
Italia
98%
Portugal
98%
Suiça
98%
Croácia
95%
Belgica
91%
França
88%
Polonia
88%
Hungria
85%
Grecia
83%
Países Baixos
79%
Reino Unido
79%
Suécia
73%
Dinamarca
67%
Nenhum quiz correspondente encontrado
Distribuição das Pontuações
Porcentagem de Pessoas com Cada Pontuação
Percentil de Números Respondidos
Sua Pontuação Histórica
Você não jogou esse quiz